000 00585nam a22001697a 4500
005 20251108164047.0
008 250721s1986 xx 000 0 ara d
082 1 4 _a347.7/حسن
100 1 _aالمصري، حسني
245 1 0 _aإندماج الشركات و إنقسامها :
_bدراسة مقارنة بين القانون الفرنسي و القانون المصري /
264 1 _aالقاهرة :
_bمطبعة حسان،
_c1986.
300 _a415ص
650 1 7 _aالقانون التجاري
650 1 7 _aقانون الشركات
942 _2ddc
_cBK
999 _c2594
_d2594